000 00755nam a2200205 i 4500
001 46647
003 ES-MaACL
005 20230906161425.0
007 t|
008 030331s1981 sp ||||1| spa d
111 2 _aCongreso del Partido Comunista de la Unión Soviética (
_n26º.
_d1981.
_cMoscú)
_9344
245 1 0 _aXXVI Congreso del Partido Comunista de la Unión Soviética
_b: Moscú, 1981 /
_c[informe presentado por L. I. Brezhnev].
260 _a[S.l. :
_bs.n.],
_c1981.
300 _a244 p. ;
_c20 cm.
490 1 _aBoletín de información. Edición especial
700 1 _aBrezhnev, Leónidas I.
_931664
830 0 _aBoletín de información. Edición especial
_9229987
852 _aES-MaACL
_jL-1025
_bR.101462
999 _c46647
_d46647